| 000 | 00861nam a22002531c 4500 | ||
|---|---|---|---|
| 001 | a987694942 | ||
| 008 | 191001s1991 gw a||| 000u ger d | ||
| 020 |
_a320505380x _93-205-05380-x |
||
| 041 | _ager | ||
| 100 | 1 | _aDeák, István | |
| 240 | 1 | 0 | _aBeyond Nationalism : A Social and Political History of the Habsburg Officer Corps, 1848-1914 |
| 245 | 0 | 4 |
_aDer K.(u.)K. Offizier : _b1848 - 1918 / _cIstván Deák ; Ins Deutsche übertragen von Marie-Therese Pitner |
| 264 |
_aWien ; Köln ; Wiemar : _bBöhlau, _c1991 |
||
| 300 | _a333 Seiten : Illustrationen | ||
| 648 | 0 | _a1848-1918 | |
| 650 | 0 | _aOffizier | |
| 650 | 0 | _aMilitär | |
| 651 | 0 | _aÖsterreich-Ungarn | |
| 700 | 1 |
_aPitner, Marie-Therese _eUebersetzerIn |
|
| 710 | 2 | _aBundesministerium für Wissenschaft und Forschung | |
| 942 | _cMG | ||
| 040 | _cRU-10907106 | ||
| 003 | RU-10907106 | ||
| 999 |
_c32648 _d32648 |
||